[Event "URS Army-ch"]
[Site "Tashkent"]
[Date "1987.??.??"]
[Round "?"]
[White "Khalifman, Alexander"]
[Black "Nenashev, Alexander"]
[Result "1-0"]
[WhiteElo "2515"]
[BlackElo "2420"]

1.e4 e5 2.Nf3 Nc6 3.Bb5 a6 4.Ba4 Nf6 5.O-O Be7 6.Re1 b5 7.Bb3 d6 8.c3 O-O
9.d4 Bg4 10.d5 Na5 11.Bc2 c6 12.h3 Bd7 13.Nxe5 dxe5 14.d6 Bxd6 15.Qxd6 Nc4
16.Qd3 Be6 17.Qg3 Nd7 18.b3 Ncb6 19.Nd2 a5 20.Nf3 f6 21.Nh4 a4 22.Nf5 Bxf5
23.exf5 Qc7 24.Bh6 Rf7 25.Rad1 Kh8 26.Bc1 axb3 27.axb3 Ra2 28.Be4 Rf8 29.Qe3 Ra1
30.h4 Nc8 31.h5 h6 32.Qf3 Ra6 33.Bc2 Nc5 34.Bxh6 gxh6 35.Qe3 Nd7 36.Qxh6+ Kg8
37.Qg6+ Kh8 38.Re3 Ne7 39.Qh6+ Kg8 40.Rg3+ Kf7 41.Qg7+ Ke8 42.h6 Rf7 43.h7 Rxg7
44.Rxg7  1-0

[Event "URS Army-ch"]
[Site "Tashkent"]
[Date "1987.??.??"]
[Round "?"]
[White "Khalifman, Alexander"]
[Black "Legky, Nikolay A"]
[Result "1-0"]
[WhiteElo "2515"]
[BlackElo "2350"]

1.d4 f5 2.Nc3 d5 3.Bg5 g6 4.h4 Bg7 5.e3 Be6 6.Nf3 c6 7.Bf4 Nf6 8.h5 Nbd7
9.h6 Bf8 10.Qd2 Bf7 11.Ne5 e6 12.f3 Be7 13.g4 Nxe5 14.Bxe5 fxg4 15.fxg4 O-O
16.Be2 Bd6 17.Bxd6 Qxd6 18.O-O-O e5 19.g5 Nd7 20.e4 b5 21.exd5 b4 22.Ne4 Qxd5
23.Bg4 Qxe4 24.Bxd7 Rad8 25.dxe5 Qxe5 26.Rhe1 Qa5 27.b3 c5 28.Kb1 Qc7 29.c4 Qg3
30.Qb2 Qc3 31.Qxc3 bxc3 32.Kc2 Kh8 33.Rf1 Bg8 34.Rxf8 Rxf8 35.Kxc3 Rd8 36.Bg4 Re8
37.Rd7 a5 38.Ra7 Re5 39.Rxa5 Rxg5 40.Bd7 Rg3+ 41.Kd2 Rg2+ 42.Ke3 Rg5 43.Ra8 Re5+
44.Kd2 g5 45.Bc6  1-0

[Event "Dordrecht"]
[Site "Dordrecht"]
[Date "1988.??.??"]
[Round "?"]
[White "Farago, Ivan"]
[Black "Khalifman, Alexander"]
[Result "0-1"]
[WhiteElo "2475"]
[BlackElo "2505"]

1.d4 Nf6 2.c4 e6 3.Nf3 d5 4.Nc3 dxc4 5.e3 c5 6.Bxc4 a6 7.a4 Nc6 8.O-O Be7
9.Qe2 cxd4 10.Rd1 e5 11.exd4 exd4 12.Nxd4 Nxd4 13.Qe5 Qd6 14.Qxd4 Qxd4 15.Rxd4 Bc5
16.Rd1 O-O 17.Bg5 Be6 18.Bxe6 fxe6 19.Bxf6 gxf6 20.Ne4 Rac8 21.g3 Bb4 22.Rd4 a5
23.Rad1 Rc2 24.Rd7 Rf7 25.b3 Re2 26.Rd8+ Kg7 27.R1d4 Rc7 28.Kf1 Re1+ 29.Kg2 e5
30.Nd6 exd4  0-1

[Event "Dordrecht"]
[Site "Dordrecht"]
[Date "1988.??.??"]
[Round "?"]
[White "Piket, Jeroen"]
[Black "Khalifman, Alexander"]
[Result "1/2-1/2"]
[WhiteElo "2470"]
[BlackElo "2505"]

1.d4 Nf6 2.Nf3 e6 3.c4 Bb4+ 4.Nbd2 O-O 5.a3 Be7 6.e3 c5 7.Bd3 cxd4 8.exd4 b6
9.O-O Bb7 10.Re1 Re8 11.Nf1 d5 12.Ng3 dxc4 13.Bxc4 Bd5 14.Bb5 Nbd7 15.Ne5 a6
16.Nc6 Qc7 17.Nxe7+ Rxe7 18.Bf1 Ree8 19.Bg5 Qb7 20.Nh5  1/2-1/2

[Event "Dordrecht"]
[Site "Dordrecht"]
[Date "1988.??.??"]
[Round "?"]
[White "Khalifman, Alexander"]
[Black "Van der Sterren, Paul"]
[Result "1/2-1/2"]
[WhiteElo "2505"]
[BlackElo "2470"]

1.d4 Nf6 2.c4 e6 3.Nf3 d5 4.g3 dxc4 5.Bg2 c5 6.O-O Nc6 7.Ne5 Bd7 8.Nxc4 cxd4
9.Bf4 Nd5 10.Nd6+ Bxd6 11.Bxd6 Nde7 12.Nd2 O-O 13.Qb3 b6 14.Rac1 Rc8 15.Qa3 Re8
16.Rc2 Nf5 17.Rfc1 Nxd6 18.Qxd6 Qe7 19.Ne4 f5 20.Qxe7 Nxe7 21.Nd6 Rxc2 22.Rxc2 Rd8
23.Rc7 Ba4 24.Rxa7 Rxd6 25.Rxa4 e5 26.Bb7 e4 27.Kf1 b5 28.Ra6 Rxa6 29.Bxa6 b4
30.f3 e3 31.Ke1 Kf7 32.Kd1 Ke6 33.Kc2 Kd5 34.f4 Kc5 35.Bb7 Kb6 36.Bf3 Nc8
37.Bd5 Kc5 38.Be6 Ne7 39.Kd3 Kd6 40.Bb3 Kc5 41.Kc2 h6 42.Be6 g5 43.Bf7 b3+
44.axb3 Nc6 45.Be6 Kd6 46.Bc4 Nb4+ 47.Kd1 Ke7 48.h4 gxf4 49.gxf4 Kf6 50.h5 Ke7
51.Kc1 Kd6 52.Kd1 Kd7 53.Kc1 Ke7 54.Kd1 Kd6 55.Kc1 Ke7  1/2-1/2

[Event "Dordrecht"]
[Site "Dordrecht"]
[Date "1988.??.??"]
[Round "?"]
[White "Khalifman, Alexander"]
[Black "Riemersma, Liafbern"]
[Result "1-0"]
[WhiteElo "2505"]
[BlackElo "2420"]

1.e4 c5 2.Nf3 d6 3.d4 cxd4 4.Nxd4 Nf6 5.Nc3 g6 6.Be3 Bg7 7.f3 Nc6 8.Qd2 O-O
9.Bc4 Bd7 10.h4 Rc8 11.Bb3 h5 12.O-O-O Ne5 13.Bh6 Bxh6 14.Qxh6 a5 15.Qd2 b5
16.Ncxb5 a4 17.Bxa4 Qb6 18.b3 Qc5 19.Rhe1 Ra8 20.Qc3 Rab8 21.f4 Neg4 22.e5 Nd5
23.Qxc5 dxc5 24.Nf3 Be6 25.g3 Nge3 26.Rd2 Nf5 27.Rg1 Nb4 28.c3 Nd5 29.c4 Nb6
30.Nc3 Rfd8 31.Bc6 Rxd2 32.Kxd2 Rd8+ 33.Ke2 Nd4+ 34.Nxd4 cxd4 35.Nd5 Nxd5
36.cxd5 Bxd5 37.Bxd5 Rxd5 38.Kd3 f6 39.exf6 exf6 40.a4 Kg7 41.Ra1  1-0

[Event "Dordrecht"]
[Site "Dordrecht"]
[Date "1988.??.??"]
[Round "?"]
[White "Conquest, Stuart"]
[Black "Khalifman, Alexander"]
[Result "0-1"]
[WhiteElo "2445"]
[BlackElo "2505"]

1.d4 d5 2.c4 c6 3.Nf3 Nf6 4.Nc3 dxc4 5.a4 Bf5 6.Ne5 e6 7.f3 Bb4 8.Bg5 h6
9.Bh4 c5 10.dxc5 Qxd1+ 11.Kxd1 Nbd7 12.Nxc4 O-O 13.e4 Bh7 14.c6 bxc6 15.Bd3 Nh5
16.Bc2 g5 17.Bf2 Rfd8 18.Ke2 Nf4+ 19.Kf1 Nb6 20.Ne5 Rd2 21.Rc1 Rad8 22.g3 Bxc3
23.bxc3 Ne2 24.Kg2 Nxc1 25.Rxc1 Re2 26.Rd1 Nd5 27.Kg1 Rxc2 28.Nxc6 Re8 29.exd5 exd5
30.Nb4 Rxc3 31.Nxd5 Rxf3 32.Bd4 Bc2 33.Rc1 Re2 34.Bxa7 Rd3 35.Ne3 Bxa4 36.Ng4 Bd7
37.Nf6+ Kg7 38.Rf1 Bh3 39.Nh5+ Kg6  0-1

[Event "Groningen"]
[Site "Groningen"]
[Date "1988.??.??"]
[Round "?"]
[White "Rogers, Ian"]
[Black "Khalifman, Alexander"]
[Result "1/2-1/2"]
[WhiteElo "2535"]
[BlackElo "2530"]

1.Nf3 c5 2.c4 Nc6 3.Nc3 Nf6 4.e3 e6 5.d4 d5 6.cxd5 exd5 7.Be2 cxd4 8.Nxd4 Bd6
9.O-O O-O 10.Nxc6 bxc6 11.b3 Be5 12.Bb2 Qd6 13.g3 Bh3 14.Re1 Rfe8 15.Rc1 Rad8
16.Bf3 Qe6 17.Na4 Ng4 18.Bxe5 Nxe5 19.Be2 Qf5 20.Nc5 h6 21.f3 h5 22.Nd3 Nxd3
23.Qxd3 Qe6 24.Bd1 Qf6 25.Kf2 d4 26.e4 h4 27.Rc5 hxg3+ 28.hxg3 Re5 29.Rxe5 Qxe5
30.f4 Qf6 31.Rh1 Be6 32.Bf3 g6 33.Rc1 Qh8 34.Bg2 Rc8 35.Kg1 c5 36.f5 gxf5
37.exf5 Bd7 38.b4 Qh6 39.Rxc5 Rxc5 40.bxc5 Qc1+ 41.Kh2 Qxc5 42.f6 Qe5 43.Qf3 Bf5
44.Bf1 Be4 45.Qe2 Qe6 46.Qb5 Bg6 47.Qb8+ Kh7 48.Qxa7 Qxf6 49.Kg1 Qe5 50.Bg2 d3
51.Qf2 Qd6 52.Bf3 d2 53.Bd1 Qd3 54.a4 Qc3 55.Kh2 Kg8 56.Qf4 Qc1 57.Qf3 Kf8
58.Qg4 Qc3 59.Qg5 Qh8+ 60.Qh4 Qc3 61.Qd8+ Kg7 62.Qe7 Qd4 63.Qe2 Qd5 64.Kg1 Qd4+  1/2-1/2

[Event "Groningen"]
[Site "Groningen"]
[Date "1988.??.??"]
[Round "?"]
[White "Khalifman, Alexander"]
[Black "Ftacnik, Lubomir"]
[Result "1/2-1/2"]
[WhiteElo "2530"]
[BlackElo "2590"]

1.e4 c5 2.Nf3 d6 3.d4 cxd4 4.Nxd4 Nf6 5.Nc3 a6 6.Be2 e6 7.f4 Be7 8.O-O O-O
9.a4 Qc7 10.Kh1 Nc6 11.Be3 Re8 12.Qe1 Nxd4 13.Bxd4 e5 14.Be3 exf4 15.Bxf4 Be6
16.Qg3  1/2-1/2

[Event "Groningen"]
[Site "Groningen"]
[Date "1988.??.??"]
[Round "?"]
[White "Khalifman, Alexander"]
[Black "Brenninkmeijer, Joris"]
[Result "1/2-1/2"]
[WhiteElo "2530"]
[BlackElo "2390"]

1.d4 Nf6 2.c4 e6 3.Nc3 Bb4 4.Qc2 O-O 5.a3 Bxc3+ 6.Qxc3 b6 7.Bg5 c5 8.Nf3 Bb7
9.dxc5 bxc5 10.e3 Qe7 11.Be2 d6 12.Nd2 Nbd7 13.O-O Ne5 14.b4 Rfc8 15.Bh4 Ng6
16.Bxf6 Qxf6 17.Qxf6 gxf6 18.Nb3 Rab8 19.Rfd1 cxb4 20.axb4 d5 21.c5 Bc6 22.Rxa7 Rxb4
23.Nd4 Be8 24.c6 Bxc6 25.Rc1 Bb7 26.Rxc8+ Bxc8 27.Ra8 Rb1+ 28.Bf1 Rc1 29.Ne2 Rc7  1/2-1/2

[Event "Groningen"]
[Site "Groningen"]
[Date "1988.??.??"]
[Round "?"]
[White "Khalifman, Alexander"]
[Black "Piket, Jeroen"]
[Result "1-0"]
[WhiteElo "2530"]
[BlackElo "2495"]

1.Nf3 Nf6 2.g3 d5 3.Bg2 c6 4.O-O Bf5 5.d3 h6 6.c4 e6 7.cxd5 exd5 8.Nc3 Na6
9.a3 Be7 10.b4 Nc7 11.Nd4 Bh7 12.Na4 O-O 13.Nc5 Bxc5 14.bxc5 Nd7 15.Qc2 Qe7
16.a4 Ne6 17.Nxe6 fxe6 18.Ba3 Rad8 19.a5 a6 20.Rab1 Nf6 21.Bb2 e5 22.e4 Kh8
23.Rfe1 dxe4 24.dxe4 Rd7 25.Rbd1 Rfd8 26.Rxd7 Rxd7 27.h3 Qe6 28.Kh2 Rd8 29.Ba1 Qe7
30.Bb2 Rd7 31.Re2 Bg6 32.f3 Nh5 33.Bc1 Nf6 34.Be3 Nd5 35.Bd2 Nc7 36.Be3 Nb5
37.Rd2 Bf7 38.Qd1 Rxd2 39.Qxd2 Bc4 40.f4 exf4 41.gxf4 Bf7 42.Bf2 Qf6 43.Qe3 Qb2
44.f5 Nc3 45.Qd4 Nd1 46.Qxb2 Nxb2 47.Kg3 Kg8 48.Bd4 Nc4 49.Bc3 g6 50.fxg6 Bxg6
51.Bf3 Kf7 52.Kf4 Ke7 53.Bg4 Kd8 54.Be6 Na3 55.Bf6+ Kc7 56.Bg7 h5 57.Bf5 Bxf5
58.exf5 Kd7 59.Kg5 Nc4 60.Kxh5  1-0

[Event "URS-ch55"]
[Site "Moscow"]
[Date "1988.??.??"]
[Round "?"]
[White "Salov, Valery"]
[Black "Khalifman, Alexander"]
[Result "1-0"]
[WhiteElo "2625"]
[BlackElo "2530"]

1.d4 Nf6 2.c4 g6 3.Nc3 Bg7 4.e4 d6 5.Nf3 O-O 6.Be2 e5 7.O-O Nc6 8.d5 Ne7
9.Nd2 a5 10.a3 Bd7 11.Ra2 Ne8 12.b4 f5 13.c5 axb4 14.axb4 Rxa2 15.Nxa2 Nf6
16.Nc3 Kh8 17.f3 f4 18.Nc4 Nc8 19.Na5 b6 20.Nc6 Bxc6 21.dxc6 bxc5 22.bxc5 Ne7
23.cxd6 cxd6 24.Nb5 Nxc6 25.Qxd6 Nd4 26.Qxd8 Nxe2+ 27.Kf2 Rxd8 28.Kxe2 Kg8
29.Bd2 Rb8 30.Nd6 Ne8 31.Nc4 Rc8 32.Nb6 Rb8 33.Nd5 Rb7 34.Rc1 Kf7 35.Rc6 Nf6
36.Nb4 Bf8 37.Nd3 Nd7 38.Bc3 Bg7 39.Nb2 Ra7 40.Kd3 Ra2 41.Kc4 Ra7 42.Kd5 Rb7
43.Ra6 Rb3 44.Na4 Ra3 45.Ra7 Rxa4 46.Rxd7+ Kg8 47.Rb7 Ra3 48.Rc7 Ra2 49.g4 fxg3
50.hxg3 Rg2 51.Ke6 h5 52.Rd7 Rg1 53.Rd8+ Kh7 54.Rd3 Kg8 55.f4 exf4 56.Rd8+ Kh7
57.Rd7 fxg3 58.Bxg7 Rf1 59.Bf6+ Kh6 60.Rd8  1-0

[Event "URS-ch sf"]
[Site "Riga"]
[Date "1988.??.??"]
[Round "?"]
[White "Fokin, Sergey"]
[Black "Khalifman, Alexander"]
[Result "0-1"]
[WhiteElo "2380"]
[BlackElo "2530"]

1.d4 Nf6 2.c4 g6 3.Nc3 d5 4.e3 Bg7 5.Qb3 e6 6.Qa3 Nc6 7.Nf3 a5 8.cxd5 Nb4
9.Qa4+ Bd7 10.Qb3 Nbxd5 11.Ne5 O-O 12.Nxd7 Qxd7 13.Be2 c5 14.dxc5 a4 15.Qc4 Rfc8
16.Bd2 b6 17.Rd1 Rxc5 18.Qh4 a3 19.e4 Nb4 20.O-O axb2 21.e5 Nbd5 22.Bf3 Qc8
23.exf6 Bxf6 24.Nxd5 Bxh4 25.Nxb6 Qd8 26.Bxa8 b1=Q 27.Rxb1 Qxd2 28.g3 Be7
29.a4 Rc2 30.Be4 Ra2  0-1

[Event "URS-ch sf"]
[Site "Riga"]
[Date "1988.??.??"]
[Round "?"]
[White "Khalifman, Alexander"]
[Black "Levin, Felix"]
[Result "1-0"]
[WhiteElo "2530"]
[BlackElo "2320"]

1.e4 e6 2.d4 d5 3.Nc3 Nf6 4.Bg5 Be7 5.e5 Nfd7 6.h4 c5 7.Bxe7 Qxe7 8.Nb5 O-O
9.Nc7 Nxe5 10.Nxa8 cxd4 11.Qxd4 Nbc6 12.Qd2 Qd6 13.Be2 Bd7 14.h5 f6 15.O-O-O Nf7
16.f4 Rxa8 17.Nf3 Nh6 18.Nd4 Ne7 19.g4 e5 20.g5 Nhf5 21.Nxf5 Bxf5 22.gxf6 gxf6
23.fxe5 fxe5 24.Rhg1+ Kh8 25.Bg4 d4 26.Bxf5 Nxf5 27.Qg5 Qh6 28.Qxh6 Nxh6
29.Rdf1  1-0

[Event "URS-ch sf"]
[Site "Riga"]
[Date "1988.??.??"]
[Round "?"]
[White "Khalifman, Alexander"]
[Black "Kozlov, Vladimir N"]
[Result "0-1"]
[WhiteElo "2530"]
[BlackElo "2410"]

1.e4 e5 2.Nf3 Nc6 3.Bb5 a6 4.Ba4 Nf6 5.O-O Be7 6.Re1 b5 7.Bb3 O-O 8.d4 d6
9.c3 Bg4 10.d5 Na5 11.Bc2 c6 12.h3 Bc8 13.dxc6 Qc7 14.Nbd2 Qxc6 15.Nf1 Nc4
16.a4 Re8 17.Ng3 g6 18.b3 Nb6 19.a5 Nbd7 20.Bd2 Bf8 21.Rc1 Bb7 22.b4 d5 23.Bg5 Bg7
24.Qd2 Rac8 25.exd5 Qxc3 26.Qxc3 Rxc3 27.Nxe5 Rxe5 28.Rxe5 Nxe5 29.Bxf6 Bxd5
30.Bxg7 Kxg7 31.Ne2 Rc4 32.f4 Nc6 33.Bb3 Rxc1+ 34.Nxc1 Bxb3 35.Nxb3 Kf6 36.Kf2 Nxb4
37.Nc5 Ke7 38.Ke3 f5 39.Kd4 Kd6 40.Nb7+ Kc7 41.Nc5 Kd6 42.Nb7+ Kc6 43.Nd8+ Kc7
44.Ne6+ Kd6 45.Nf8 Nd5 46.Nxh7 Nxf4 47.Nf6 Nxg2 48.Nd5 f4 49.Nc3 f3 50.Ne4+ Kc6
51.Nf2 g5 52.Ke4 Ne1 53.Kd4 b4 54.Kc4 b3 55.Kxb3 Kb5 56.Kc3 Kxa5 57.Ne4 Ng2
58.Kd3 Nf4+ 59.Ke3 Nxh3 60.Kxf3 Kb4 61.Kg4 Ng1 62.Nf6 a5 63.Nd5+ Kc4  0-1

[Event "URS-ch sf"]
[Site "Riga"]
[Date "1988.??.??"]
[Round "?"]
[White "Khalifman, Alexander"]
[Black "Kharitonov, Andrei Y"]
[Result "1/2-1/2"]
[WhiteElo "2530"]
[BlackElo "2550"]

1.e4 c6 2.d4 d5 3.Nc3 dxe4 4.Nxe4 Nd7 5.Ng5 Ngf6 6.Bd3 e6 7.N1f3 Bd6 8.Qe2 h6
9.Ne4 Nxe4 10.Qxe4 Qc7 11.Qg4 Kf8 12.Bd2 b6 13.Qe4  1/2-1/2

[Event "URS-ch sf"]
[Site "Riga"]
[Date "1988.??.??"]
[Round "?"]
[White "Khalifman, Alexander"]
[Black "Janjgava, Lasha"]
[Result "1/2-1/2"]
[WhiteElo "2530"]
[BlackElo "2470"]

1.d4 Nf6 2.c4 e6 3.Nf3 d5 4.g3 Bb4+ 5.Bd2 Be7 6.Bg2 O-O 7.O-O c6 8.Qc2 Nbd7
9.Bf4 b6 10.cxd5 cxd5 11.Nc3 Ba6 12.Rfc1 Qc8 13.Ne5 Qb7 14.e4 Rac8 15.exd5 Nxe5
16.Bxe5 Nxd5 17.Qd2 Qd7 18.Nxd5 exd5 19.h4 Rxc1+ 20.Rxc1 Rc8 21.Rxc8+ Bxc8
22.Qc3 Bb7 23.Kh2 h5 24.Bh3 Qc6 25.Qe3 Bf8 26.Qe2 g6 27.Bg2 Qe6 28.Qc2 Qc6
29.Qd2 Bg7 30.Bxg7 Kxg7 31.Qf4 a5 32.Qe5+ Qf6 33.Qxf6+ Kxf6 34.Kg1 Ke6 35.Kf1 Ba6+
36.Ke1 Kd6 37.Kd2 Bc8 38.Ke3 Bf5 39.Kf4 f6 40.Bf1 Bb1 41.a3  1/2-1/2

[Event "URS-ch sf"]
[Site "Riga"]
[Date "1988.??.??"]
[Round "?"]
[White "Khalifman, Alexander"]
[Black "Yurtaev, Leonid"]
[Result "1/2-1/2"]
[WhiteElo "2530"]
[BlackElo "2485"]

1.d4 Nf6 2.c4 g6 3.Nc3 Bg7 4.e4 d6 5.Be2 O-O 6.Bg5 h6 7.Be3 c5 8.e5 dxe5
9.dxe5 Qxd1+ 10.Rxd1 Ng4 11.Bxc5 Nxe5 12.Nd5 Nbc6 13.b3  1/2-1/2

[Event "URS-ch sf"]
[Site "Riga"]
[Date "1988.??.??"]
[Round "?"]
[White "Timoshchenko, Gennadi A"]
[Black "Khalifman, Alexander"]
[Result "1/2-1/2"]
[WhiteElo "2455"]
[BlackElo "2530"]

1.d4 d5 2.c4 c6 3.Nf3 Nf6 4.Nc3 dxc4 5.a4 Bf5 6.Ne5 e6 7.f3 Bb4 8.e4 Bxe4
9.fxe4 Nxe4 10.Bd2 Qxd4 11.Nxe4 Qxe4+ 12.Qe2 Bxd2+ 13.Kxd2 Qd5+ 14.Kc2 Na6
15.Nxc4 O-O-O 16.Qe5 f6 17.Qe3 Nb4+ 18.Kb3 c5 19.Rc1 Nc6 20.Rg1 f5 21.g4 f4
22.Qf2 Rhf8 23.Ka3 Kb8 24.Bg2 f3 25.Bh3 e5 26.Rge1 e4 27.Bf1 Nd4  1/2-1/2

[Event "URS-ch sf"]
[Site "Riga"]
[Date "1988.??.??"]
[Round "?"]
[White "Semeniuk, Alexander A"]
[Black "Khalifman, Alexander"]
[Result "0-1"]
[WhiteElo "2355"]
[BlackElo "2530"]

1.e4 c5 2.Nf3 d6 3.d4 cxd4 4.Nxd4 Nf6 5.Nc3 g6 6.Be3 Bg7 7.Be2 Nc6 8.Nb3 O-O
9.f4 a5 10.a4 Be6 11.O-O Bxb3 12.cxb3 e6 13.Bf3 Nb4 14.Rf2 Qe7 15.Rd2 d5
16.exd5 Nfxd5 17.Nxd5 exd5 18.Bf2 Rfd8 19.Bb6 d4 20.Bxd8 Rxd8 21.Qe2 Qxe2
22.Rxe2 d3 23.Re7 Bxb2 24.Rd1 b6 25.Rc7 Bd4+ 26.Kh1 Bc5 27.g3 d2 28.Ra7 Kg7
29.Ra8 Rd3 30.Be2 Rd6 31.Ra7 Nc2 32.Re7 Kf8 33.Re4 Ne3 34.Rxe3 Bxe3 35.Kg2 Bc5
36.Bc4 Ke7 37.Kf3 f5 38.Ke2 Bb4 39.Kf3 Rd4 40.h3 Kd6 41.h4 Re4 42.Be2 h5
43.Rb1  0-1

[Event "URS-ch sf"]
[Site "Riga"]
[Date "1988.??.??"]
[Round "?"]
[White "Nenashev, Alexander"]
[Black "Khalifman, Alexander"]
[Result "1/2-1/2"]
[WhiteElo "2445"]
[BlackElo "2530"]

1.d4 Nf6 2.c4 e6 3.Nc3 Bb4 4.e3 O-O 5.Ne2 Re8 6.a3 Bf8 7.Ng3 d5 8.cxd5 exd5
9.b4 Nc6 10.b5 Ne7 11.Bd3 a6 12.bxa6 b6 13.a4 Bxa6 14.Ba3 Bxd3  1/2-1/2

[Event "URS-FL56"]
[Site "Simferopol"]
[Date "1988.??.??"]
[Round "?"]
[White "Romanishin, Oleg M"]
[Black "Khalifman, Alexander"]
[Result "1/2-1/2"]
[WhiteElo "2550"]
[BlackElo "2530"]

1.Nf3 Nf6 2.g3 g6 3.Bg2 Bg7 4.d4 O-O 5.O-O d5 6.Bf4 c6 7.Nbd2 Qb6 8.Qc1 Bg4
9.c4 Nbd7 10.c5 Qd8 11.Re1 Nh5 12.Be3 Re8 13.b4 e5 14.Nb3 Bxf3 15.Bxf3 Nhf6
16.Rb1 h5 17.Bg2 Qc7 18.dxe5 Nxe5 19.a4 a6 20.Bf4 Qd7 21.Qc2 h4 22.Rbd1  1/2-1/2

[Event "URS-FL56"]
[Site "Simferopol"]
[Date "1988.??.??"]
[Round "?"]
[White "Lputian, Smbat G"]
[Black "Khalifman, Alexander"]
[Result "1/2-1/2"]
[WhiteElo "2540"]
[BlackElo "2530"]

1.d4 d5 2.c4 e6 3.Nf3 Nf6 4.Nc3 Be7 5.cxd5 exd5 6.Bg5 c6 7.Qc2 g6 8.e4 dxe4
9.Bxf6 Bxf6 10.Qxe4+ Qe7 11.Bc4 Bf5 12.Qxe7+ Kxe7 13.O-O-O Re8 14.Rhe1+ Kf8
15.Rxe8+ Kxe8 16.Re1+ Kf8 17.Ne5 Bxe5  1/2-1/2

[Event "URS-FL56"]
[Site "Simferopol"]
[Date "1988.??.??"]
[Round "?"]
[White "Khalifman, Alexander"]
[Black "Yurtaev, Leonid"]
[Result "1/2-1/2"]
[WhiteElo "2530"]
[BlackElo "2485"]

1.e4 c5 2.Nf3 d6 3.d4 cxd4 4.Nxd4 Nf6 5.Nc3 g6 6.Be3 Bg7 7.h3 O-O 8.Bc4 Nc6
9.O-O Bd7 10.Bb3 Nxd4 11.Bxd4 Bc6 12.Qd3 Rc8 13.Rfe1 a6 14.Nd5 e6 15.Nxf6+  1/2-1/2

[Event "URS-FL56"]
[Site "Simferopol"]
[Date "1988.??.??"]
[Round "?"]
[White "Khalifman, Alexander"]
[Black "Yermolinsky, Alex"]
[Result "1/2-1/2"]
[WhiteElo "2530"]
[BlackElo "2460"]

1.e4 c5 2.Nf3 d6 3.d4 cxd4 4.Nxd4 Nf6 5.Nc3 Nc6 6.Bg5 e6 7.Qd2 a6 8.O-O-O h6
9.Be3 Nxd4 10.Bxd4 b5 11.f3 Qa5 12.Qf2 b4 13.Bb6 Qg5+ 14.Be3 Qa5 15.Bb6 Qg5+
16.Be3  1/2-1/2

[Event "URS-FL56"]
[Site "Simferopol"]
[Date "1988.??.??"]
[Round "?"]
[White "Khalifman, Alexander"]
[Black "Ulibin, Mikhail"]
[Result "1/2-1/2"]
[WhiteElo "2530"]
[BlackElo "2390"]

1.e4 e6 2.d4 d5 3.Nc3 Bb4 4.e5 c5 5.a3 Bxc3+ 6.bxc3 Ne7 7.Nf3 Bd7 8.Bd3 c4
9.Be2 Ba4 10.h4 Nbc6 11.h5 h6 12.Bf4 Qd7 13.Qd2 O-O-O 14.g3 Kb8 15.Nh2 Ka8
16.Ng4 Nf5 17.Rc1 Qe7 18.Ra1 Qd7 19.Rc1 Qe7 20.Ra1  1/2-1/2

[Event "URS-FL56"]
[Site "Simferopol"]
[Date "1988.??.??"]
[Round "?"]
[White "Khalifman, Alexander"]
[Black "Kharitonov, Andrei Y"]
[Result "1/2-1/2"]
[WhiteElo "2530"]
[BlackElo "2550"]

1.e4 c6 2.d4 d5 3.Nc3 dxe4 4.Nxe4 Bf5 5.Ng3 Bg6 6.h4 h6 7.f4 e6 8.Nf3 Nd7
9.h5 Bh7 10.Bd3 Bxd3 11.Qxd3 Ngf6 12.Bd2 Qc7 13.O-O-O c5 14.Ne4  1/2-1/2

[Event "URS-FL56"]
[Site "Simferopol"]
[Date "1988.??.??"]
[Round "?"]
[White "Khalifman, Alexander"]
[Black "Basin, Leonid"]
[Result "1-0"]
[WhiteElo "2530"]
[BlackElo "2350"]

1.e4 c5 2.Nf3 d6 3.d4 cxd4 4.Nxd4 Nf6 5.Nc3 g6 6.Be2 Nc6 7.Nb3 Bg7 8.O-O O-O
9.Bg5 Be6 10.f4 b5 11.Bf3 Bc4 12.Re1 Rc8 13.Kh1 Re8 14.Qd2 Qb6 15.Nd5 Nxd5
16.exd5 Nd4 17.Nxd4 Qxd4 18.Qxd4 Bxd4 19.c3 Bf6 20.Bxf6 exf6 21.Rxe8+ Rxe8
22.Kg1 f5 23.a4 a6 24.Kf2 Kf8 25.axb5 axb5 26.Ra6 Rd8 27.Ke3 h5 28.h4 Ke7
29.Kd2 b4 30.Ra7+ Rd7 31.Rxd7+ Kxd7 32.Ke3 bxc3 33.bxc3 Kc7 34.Kd4 Bb5 35.c4 Ba4
36.Kc3 Kb6 37.Kb4 Bc2 38.g3 Kc7 39.Ka5 Bb3 40.Be2 Bc2 41.Ka6 Ba4 42.Bd3 Bd1
43.Bb1 Bb3 44.Kb5 Bd1 45.Kb4 Kb6 46.Bd3 Kc7 47.c5 Bf3 48.Kc4 Bd1 49.Kd4 Ba4
50.Be2 Be8 51.Ba6 f6 52.Kc4 Ba4 53.Bb5 Bd1 54.Kd4 Bf3 55.Be8 Bd1 56.Bxg6 Bg4
57.Be8 Bd1 58.Bb5 Bf3 59.Bd3 Bg4 60.c6 Kb6 61.Ke3  1-0

[Event "URS-FL56"]
[Site "Simferopol"]
[Date "1988.??.??"]
[Round "?"]
[White "Janjgava, Lasha"]
[Black "Khalifman, Alexander"]
[Result "1/2-1/2"]
[WhiteElo "2470"]
[BlackElo "2530"]

1.c4 Nf6 2.Nc3 g6 3.d4 Bg7 4.g3 O-O 5.Bg2 c5 6.d5 d6 7.Nf3 e6 8.O-O exd5
9.cxd5 Na6 10.Nd2 Nc7 11.a4 b6 12.Rb1 Re8 13.Re1 Ba6 14.b3 Ng4 15.Bb2 Qe7
16.Nf1 Ne5  1/2-1/2

[Event "Vilnius"]
[Site "Vilnius"]
[Date "1988.??.??"]
[Round "?"]
[White "Shabalov, Alexander"]
[Black "Khalifman, Alexander"]
[Result "1/2-1/2"]
[WhiteElo "2400"]
[BlackElo "2505"]

1.d4 Nf6 2.c4 d6 3.Nc3 Nbd7 4.Nf3 g6 5.Bf4 Bg7 6.e3 c5 7.Be2 Nh5 8.Bg5 h6
9.Bh4 g5 10.Bg3 Nxg3 11.hxg3 Qb6 12.Qd2 Nf6 13.Qc2 Bg4 14.Rd1 Rc8 15.O-O O-O
16.d5 e6 17.dxe6 Bxe6 18.Rd2 Rcd8 19.Rfd1 Rd7 20.Nh2 Rfd8 21.f4 Re7 22.f5 Bc8
23.Ng4 Nxg4 24.Bxg4 Re5 25.Nd5 Qc6 26.Rf1 Qe8 27.f6 Bxg4 28.fxg7 Rxd5 29.cxd5 Qxe3+
30.Rdf2 Bh5 31.Kh2 Kxg7 32.Qc3+ Qxc3 33.bxc3 Re8 34.Rf6 Rd8 35.R6f2 Re8 36.Rf6 Rd8
37.a4 Rd7 38.R6f2 Re7 39.a5 Bg6 40.Rd1 c4 41.Rb2 Bd3 42.g4 Kf6 43.Rf2+ Kg7
44.Rb2 Kf6 45.Rf2+ Kg7 46.Rb2  1/2-1/2

[Event "Vilnius"]
[Site "Vilnius"]
[Date "1988.??.??"]
[Round "?"]
[White "Khalifman, Alexander"]
[Black "Gelfand, Boris"]
[Result "1/2-1/2"]
[WhiteElo "2505"]
[BlackElo "2505"]

1.d4 d5 2.Nf3 Nf6 3.c4 dxc4 4.Nc3 c5 5.d5 e6 6.e4 exd5 7.e5 Nfd7 8.Bg5 Be7
9.Bxe7 Qxe7 10.Nxd5 Qd8 11.Bxc4 Nc6 12.Qd2 Qa5 13.Nc3 O-O 14.e6 fxe6 15.Bxe6+ Kh8
16.Ng5 Nf6 17.Nf7+ Kg8 18.Nh6+ Kh8 19.Nf7+ Kg8 20.Nh6+ Kh8 21.Nf7+  1/2-1/2

[Event "Vilnius"]
[Site "Vilnius"]
[Date "1988.??.??"]
[Round "?"]
[White "Malisauskas, Vidmantas"]
[Black "Khalifman, Alexander"]
[Result "1/2-1/2"]
[WhiteElo "2390"]
[BlackElo "2505"]

1.e4 c5 2.Nf3 d6 3.d4 cxd4 4.Nxd4 Nf6 5.Nc3 Nc6 6.Bg5 e6 7.Qd2 a6 8.O-O-O h6
9.Bf4 Bd7 10.Nxc6 Bxc6 11.Qe2 Qc7 12.Nd5 Nxd5 13.exd5 Bb5 14.Qd2 e5 15.Be3 Be7
16.g4 Rc8 17.Kb1 Bxf1 18.Rhxf1 Bg5 19.f4 exf4 20.Bxf4 Bxf4 21.Rxf4  1/2-1/2

[Event "Vilnius"]
[Site "Vilnius"]
[Date "1988.??.??"]
[Round "?"]
[White "Serper, Grigory"]
[Black "Khalifman, Alexander"]
[Result "1/2-1/2"]
[WhiteElo "2450"]
[BlackElo "2505"]

1.e4 c5 2.Nf3 Nc6 3.d4 cxd4 4.Nxd4 Nf6 5.Nc3 d6 6.Be2 g6 7.O-O Bg7 8.Be3 O-O
9.Nb3 a5 10.a4 Be6 11.f4 Bxb3 12.cxb3 e6 13.Bf3 Nb4 14.Rc1 d5 15.exd5 Nfxd5
16.Nxd5 Nxd5 17.Bxd5 Qxd5 18.Qxd5 exd5 19.Rfd1 Bxb2 20.Rc2 d4 21.Bxd4 Bxd4+
22.Rxd4 Rac8 23.Rdc4 Rxc4 24.Rxc4 Rd8 25.Rc7 b5 26.axb5 Rd5 27.Rb7 Rd4  1/2-1/2

[Event "Vilnius"]
[Site "Vilnius"]
[Date "1988.??.??"]
[Round "?"]
[White "Khalifman, Alexander"]
[Black "Rozentalis, Eduardas"]
[Result "1-0"]
[WhiteElo "2505"]
[BlackElo "2520"]

1.e4 e5 2.Nf3 Nf6 3.Nxe5 d6 4.Nf3 Nxe4 5.d4 d5 6.Bd3 Bd6 7.O-O O-O 8.c4 c6
9.Re1 Bf5 10.Qb3 Na6 11.Nc3 Nec5 12.dxc5 Nxc5 13.Bxf5 Nxb3 14.axb3 dxc4 15.bxc4 Bb4
16.Bg5 Qb6 17.Be3 Qc7 18.g3 Rfe8 19.Kg2 h6 20.Re2 Bxc3 21.bxc3 a5 22.c5 a4
23.Ra3 Qa5 24.Bd3 Kf8 25.Bd4 Rxe2 26.Bxe2 Re8 27.Bd3 Re7 28.Bc2 Qd8 29.Rxa4 Qd7
30.Bb3 Qe8 31.Ra1 Re2 32.Bc4 Re7 33.Rb1 Qb8 34.h3 Qe8 35.Rd1 Qb8 36.Nh4 Qc8
37.Rd3 Re4 38.Rf3 f6 39.Nf5 Qd7 40.Nd6 Re1 41.Bxf6 gxf6 42.Rxf6+ Ke7 43.Rf7+  1-0

[Event "Vilnius"]
[Site "Vilnius"]
[Date "1988.??.??"]
[Round "?"]
[White "Janjgava, Lasha"]
[Black "Khalifman, Alexander"]
[Result "1/2-1/2"]
[WhiteElo "2425"]
[BlackElo "2505"]

1.d4 Nf6 2.c4 e6 3.Nf3 Bb4+ 4.Bd2 Qe7 5.g3 Nc6 6.Bg2 Bxd2+ 7.Nbxd2 d6 8.O-O a5
9.e4 e5 10.d5 Nb8 11.Qc2 O-O 12.Rfc1 Na6 13.a3 Bd7 14.b3 c6 15.Ne1 Rfc8 16.Qd1 Qd8
17.Nd3 cxd5 18.cxd5 Bb5 19.Nb2 Nc5 20.Rc3 Rc7 21.Rac1 Rac8 22.f3 Ncd7 23.Rxc7 Rxc7
24.Bf1  1/2-1/2

[Event "Vilnius"]
[Site "Vilnius"]
[Date "1988.??.??"]
[Round "?"]
[White "Khalifman, Alexander"]
[Black "Akopian, Vladimir"]
[Result "1/2-1/2"]
[WhiteElo "2505"]
[BlackElo "2460"]

1.e4 c5 2.Nf3 Nc6 3.Bb5 Qc7 4.O-O Nf6 5.Re1 e6 6.Nc3 d6 7.d4 cxd4 8.Nxd4 Be7
9.Bf4 O-O 10.Nxc6 bxc6 11.e5 dxe5 12.Bxe5 Qb6 13.Bd3 Ba6 14.Bxa6 Qxa6 15.Qf3 Nd7
16.Bg3 Rfd8 17.Rad1 Nf6 18.Be5 Qb6 19.Qg3 Rxd1 20.Rxd1 Rd8 21.Rxd8+ Qxd8
22.h3 Kf8 23.Qe3 Qb6 24.Qxb6 axb6 25.Ne2 Nd7 26.Bc3 e5 27.a4 Bd8 28.f3 Ke7
29.Kf2 Ke6 30.b3  1/2-1/2